| 000 | 01005cam a2200373 4500500 | ||
|---|---|---|---|
| 005 | 20260329004711.0 | ||
| 041 | _afre | ||
| 042 | _adc | ||
| 100 | 1 | 0 |
_aSorente, Isabelle _eauthor |
| 245 | 0 | 0 | _aDe la fin de la démocratie en Amérique |
| 260 | _c2020. | ||
| 500 | _a20 | ||
| 690 | _aAmérique | ||
| 690 | _aClaudia Rankine | ||
| 690 | _aConservatisme | ||
| 690 | _aDémocratie | ||
| 690 | _aDonald Trump | ||
| 690 | _aÉlections américaines | ||
| 690 | _aÉtats-Unis | ||
| 690 | _aFake news | ||
| 690 | _aInégalités | ||
| 690 | _aJoe Biden | ||
| 690 | _aLibéralisme | ||
| 690 | _aLionel Shriver | ||
| 690 | _aNoir | ||
| 690 | _aNolan Higdon | ||
| 690 | _aRacisme | ||
| 690 | _aTocqueville | ||
| 690 | _aTrump | ||
| 690 | _aViolence | ||
| 690 | _aYascha Mounk | ||
| 786 | 0 | _nPhilosophie magazine | 143 | 10 | 2020-10-01 | p. 27-27 | 1951-1787 | |
| 856 | 4 | 1 | _uhttps://shs.cairn.info/magazine-philosophie-magazine-2020-10-page-27?lang=fr&redirect-ssocas=7080 |
| 999 |
_c1836389 _d1836389 |
||